L'impasse de la punition à l'école (notice n° 1552702)

détails MARC
000 -LEADER
fixed length control field 01747cam a2200289zu 4500
003 - CONTROL NUMBER IDENTIFIER
control field FRCYB88921398
005 - DATE AND TIME OF LATEST TRANSACTION
control field 20251020123022.0
008 - FIXED-LENGTH DATA ELEMENTS--GENERAL INFORMATION
fixed length control field 251020s2018 fr | o|||||0|0|||fre d
020 ## - INTERNATIONAL STANDARD BOOK NUMBER
International Standard Book Number 9782200622145
035 ## - SYSTEM CONTROL NUMBER
System control number FRCYB88921398
040 ## - CATALOGING SOURCE
Original cataloging agency FR-PaCSA
Language of cataloging fr
Transcribing agency
Description conventions rda
100 1# - MAIN ENTRY--PERSONAL NAME
Personal name Debarbieux, Eric
245 01 - TITLE STATEMENT
Title L'impasse de la punition à l'école
Remainder of title Des solutions alternatives en classe
Statement of responsibility, etc. ['Debarbieux, Eric', 'Collectif']
264 #1 - PRODUCTION, PUBLICATION, DISTRIBUTION, MANUFACTURE, AND COPYRIGHT NOTICE
Name of producer, publisher, distributor, manufacturer Armand Colin
Date of production, publication, distribution, manufacture, or copyright notice 2018
300 ## - PHYSICAL DESCRIPTION
Extent p.
336 ## - CONTENT TYPE
Content type code txt
Source rdacontent
337 ## - MEDIA TYPE
Media type code c
Source rdamdedia
338 ## - CARRIER TYPE
Carrier type code c
Source rdacarrier
520 ## - SUMMARY, ETC.
Summary, etc. L'ouvrage montre de manière très concrète  comment «  faire discipline  » dans la classe et par là même prévenir et gérer les problèmes de violence et de harcèlement entre élèves ou vis-à-vis de l'enseignant. Cet ouvrage s'appuie sur des expériences de terrain récentes, menées à la fois en milieu banal mais aussi et surtout dans les établissements et écoles des sites de l'éducation prioritaire en France. Ces expériences impliquent diverses solutions  : la pédagogie coopérative, la discipline positive, la justice réparatrice, la communication non violente, la communication avec les parents. Il  évoque aussi les possibilités d'entraide dans un établissement scolaire. Ce livre sera d'un recours précieux  aux enseignants  en exercice et en formation,  peu préparés à  affronter ces problèmes de discipline ainsi qu'aux  formateurs d'enseignants.
650 #0 - SUBJECT ADDED ENTRY--TOPICAL TERM
Topical term or geographic name entry element
700 0# - ADDED ENTRY--PERSONAL NAME
Personal name Debarbieux, Eric
700 0# - ADDED ENTRY--PERSONAL NAME
Personal name Collectif
856 40 - ELECTRONIC LOCATION AND ACCESS
Access method Cyberlibris
Uniform Resource Identifier <a href="https://international.scholarvox.com/netsen/book/88921398">https://international.scholarvox.com/netsen/book/88921398</a>
Electronic format type text/html
Host name

Pas d'exemplaire disponible.

PLUDOC

PLUDOC est la plateforme unique et centralisée de gestion des bibliothèques physiques et numériques de Guinée administré par le CEDUST. Elle est la plus grande base de données de ressources documentaires pour les Étudiants, Enseignants chercheurs et Chercheurs de Guinée.

Adresse

627 919 101/664 919 101

25 boulevard du commerce
Kaloum, Conakry, Guinée

Réseaux sociaux

Powered by Netsen Group @ 2025